[Event "Europa ch Femenino 2013"]
[Site "Belgrado SER"]
[Date "2013.07.28"]
[Round "6.71"]
[White "Milutinovic, Stefana"]
[Black "Milanovic, Maja"]
[Result "1-0"]
[WhiteElo "2035"]
[BlackElo "1969"]
[PlyCount "153"]
[EventDate "2013.07.23"]
[EventType "swiss"]
[EventRounds "11"]
[EventCountry "SER"]
[Source "lmi"]
[SourceDate "2013.07.22"]

1. Nf3 Nf6 2. c4 c5 3. Nc3 e6 4. g3 b6 5. Bg2 Bb7 6. O-O a6 7. d4 cxd4 8. Qxd4
Nc6 9. Qd2 Qc7 10. b3 Rc8 11. Bb2 Be7 12. Rfd1 O-O 13. Rac1 Qb8 14. e3 Rfd8 15.
Qe2 Ba8 16. h3 d6 17. Ne1 Na5 18. f4 Bxg2 19. Kxg2 Qa8+ 20. Qf3 Qxf3+ 21. Kxf3
Nb7 22. g4 h6 23. Nc2 g5 24. Nd4 Kh7 25. f5 e5 26. Nde2 Rc7 27. Na4 Nd7 28.
Nec3 Bf8 29. Nd5 Rc6 30. Nb4 Rdc8 31. Nxa6 Nbc5 32. N6xc5 Nxc5 33. Nxc5 bxc5
34. Bc3 Ra8 35. Rc2 Rca6 36. a4 Rb8 37. Rb2 Rab6 38. Rdb1 Ra6 39. Ke4 Kg7 40.
Kd5 Be7 41. a5 Bd8 42. Ra2 Bc7 43. b4 cxb4 44. Rxb4 Rba8 45. Rb5 Kf8 46. Bb4
Ke8 47. c5 dxc5 48. Bc3 f6 49. Kxc5 Rc8 50. Kb4 Bd6+ 51. Kb3 Rca8 52. e4 Kd7
53. Rd2 Kc6 54. Rbd5 Bc7 55. Ka4 h5 56. Bb4 hxg4 57. hxg4 Rh8 58. Rc2+ Kb7 59.
Kb5 Rb8 60. Ka4 Rba8 61. Rd7 Rc6 62. Rb2 Kc8 63. Rf7 Rc4 64. Kb5 Rxe4 65. Rc2
Rb8+ 66. Ka6 Rexb4 67. Rcxc7+ Kd8 68. Ka7 R8b5 69. Rfd7+ Ke8 70. a6 e4 71. Rh7
Kd8 72. Rb7 Rxb7+ 73. axb7 Ra4+ 74. Kb6 Rb4+ 75. Kc6 e3 76. Rh8+ Ke7 77. b8=Q
1-0

[Event "Europa ch Femenino 2013"]
[Site "Belgrado SER"]
[Date "2013.07.28"]
[Round "6.72"]
[White "Rakic, Teodora"]
[Black "Bejatovic, Bojana"]
[Result "0-1"]
[WhiteElo "1862"]
[BlackElo "2002"]
[PlyCount "86"]
[EventDate "2013.07.23"]
[EventType "swiss"]
[EventRounds "11"]
[EventCountry "SER"]
[Source "lmi"]
[SourceDate "2013.07.22"]

1. d4 d5 2. c4 e6 3. Nf3 f5 4. g3 Nf6 5. Bg2 c6 6. O-O Bd6 7. Nc3 O-O 8. Nd2
Nbd7 9. Qc2 Qe8 10. f4 b6 11. Nf3 Ne4 12. Ne5 Ndf6 13. Nxe4 dxe4 14. Bd2 Bb7
15. b4 c5 16. bxc5 bxc5 17. e3 Rc8 18. Rfb1 Ba8 19. Bf1 Qh5 20. Qd1 Qe8 21. Rb5
cxd4 22. exd4 Bxe5 23. dxe5 e3 24. exf6 Qc6 25. Bxe3 Qh1+ 26. Kf2 Qxh2+ 27. Ke1
Qxg3+ 28. Kd2 Rfd8+ 29. Bd3 Rxd3+ 30. Kxd3 Rd8+ 31. Kc2 Be4+ 32. Kb2 Rxd1 33.
Rxd1 Qxe3 34. Rd7 Qf2+ 35. Ka3 Qe3+ 36. Kb2 Qf2+ 37. Ka3 Qxf4 38. Rxg7+ Kh8 39.
Rd7 Kg8 40. Rg7+ Kf8 41. Rb3 Qd6+ 42. Kb2 f4 43. Ra3 Qd2+ 0-1

[Event "Europa ch Femenino 2013"]
[Site "Belgrado SER"]
[Date "2013.07.28"]
[Round "6.73"]
[White "Khropova, Larisa"]
[Black "Mahmutbegovic, Nadina"]
[Result "1-0"]
[WhiteElo "1987"]
[BlackElo "1800"]
[PlyCount "109"]
[EventDate "2013.07.23"]
[EventType "swiss"]
[EventRounds "11"]
[EventCountry "SER"]
[Source "lmi"]
[SourceDate "2013.07.22"]

1. d4 d5 2. Nf3 e6 3. Bf4 Nf6 4. e3 Bd6 5. Bg3 Bxg3 6. hxg3 c5 7. c3 Nbd7 8.
Nbd2 b6 9. Bd3 Bb7 10. Rc1 Ne4 11. Qc2 f5 12. Bb5 O-O 13. Bxd7 Qxd7 14. Ne5 Qe7
15. Nf1 Ba6 16. f3 Bxf1 17. fxe4 Bb5 18. exd5 exd5 19. Qf2 cxd4 20. exd4 Bd3
21. Kd2 Be4 22. Rh2 Qg5+ 23. Qf4 Qxf4+ 24. gxf4 Rac8 25. Re1 Rc7 26. Re3 b5 27.
b3 Rfc8 28. g3 h6 29. Rf2 a5 30. Rf1 Kf8 31. Rc1 Rd8 32. Nd3 Bxd3 33. Kxd3 Re8
34. Re5 Rxe5 35. dxe5 Ke7 36. Kd4 Ke6 37. Ra1 Rc8 38. a4 Rb8 39. axb5 Rxb5 40.
Ra3 g5 41. c4 dxc4 42. bxc4 Rb1 43. Rxa5 gxf4 44. gxf4 Rf1 45. Ra6+ Ke7 46.
Rxh6 Rxf4+ 47. Kd5 Rf1 48. Rh7+ Kd8 49. Ke6 Rc1 50. Rh8+ Kc7 51. Rh4 Rf1 52.
Kf7 f4 53. e6 Re1 54. Rxf4 Kd6 55. c5+ 1-0

[Event "Europa ch Femenino 2013"]
[Site "Belgrado SER"]
[Date "2013.07.28"]
[Round "6.74"]
[White "Injac, Teodora"]
[Black "Velickovski-Nejkovic, Maja"]
[Result "1-0"]
[WhiteElo "1713"]
[BlackElo "2083"]
[PlyCount "67"]
[EventDate "2013.07.23"]
[EventType "swiss"]
[EventRounds "11"]
[EventCountry "SER"]
[Source "lmi"]
[SourceDate "2013.07.22"]

1. d4 Nf6 2. Nf3 c5 3. c4 g6 4. e3 Bg7 5. Nc3 O-O 6. Be2 cxd4 7. exd4 d5 8. O-O
Nc6 9. h3 a6 10. b3 Be6 11. Be3 Rc8 12. Rc1 Na5 13. c5 h6 14. Na4 Nd7 15. b4
Nc6 16. Qd2 Kh7 17. Bd3 f6 18. Nh4 Bf7 19. f4 e5 20. fxe5 fxe5 21. Rxf7 e4 22.
Rxg7+ Kxg7 23. Bxh6+ Kh7 24. Bg5 Qc7 25. Be2 Qg3 26. Bg4 Rcd8 27. Rc3 Qc7 28.
Bxd8 Qxd8 29. Bxd7 Nxb4 30. Nxg6 Rf6 31. Ne5 Nd3 32. Ng4 Rf4 33. Rxd3 Qg5 34.
h4 1-0

[Event "Europa ch Femenino 2013"]
[Site "Belgrado SER"]
[Date "2013.07.28"]
[Round "6.75"]
[White "Gjergji, Rozana"]
[Black "Djukic, Sandra"]
[Result "1-0"]
[WhiteElo "1917"]
[BlackElo "2197"]
[PlyCount "55"]
[EventDate "2013.07.23"]
[EventType "swiss"]
[EventRounds "11"]
[EventCountry "SER"]
[Source "lmi"]
[SourceDate "2013.07.22"]

1. e4 d6 2. d4 Nf6 3. Bd3 e5 4. c3 Be7 5. Ne2 Nbd7 6. O-O c6 7. f4 h6 8. Nd2
Nb6 9. Nf3 exf4 10. Bxf4 Be6 11. Ng3 Qd7 12. e5 dxe5 13. Nxe5 Qc8 14. Nh5 Nxh5
15. Qxh5 Rf8 16. Rae1 Nd5 17. Bg3 Nf6 18. Qe2 a6 19. Bc4 b5 20. Bxe6 fxe6 21.
Ng6 Rg8 22. Nf4 Qd7 23. Nxe6 Ra7 24. Bb8 Kf7 25. Bxa7 Qxa7 26. Nc5 Re8 27. Qe6+
Kf8 28. Nd7+ 1-0

[Event "Europa ch Femenino 2013"]
[Site "Belgrado SER"]
[Date "2013.07.28"]
[Round "6.76"]
[White "Imeeva, Aisa"]
[Black "Ivekovic, Ivana"]
[Result "1-0"]
[WhiteElo "2079"]
[BlackElo "1858"]
[PlyCount "67"]
[EventDate "2013.07.23"]
[EventType "swiss"]
[EventRounds "11"]
[EventCountry "SER"]
[Source "lmi"]
[SourceDate "2013.07.22"]

1. e4 c5 2. Nf3 e6 3. d4 cxd4 4. Nxd4 a6 5. Be2 Nf6 6. Nc3 Qc7 7. O-O b5 8. a3
Bb7 9. Bd3 d6 10. Be3 Nbd7 11. f4 Be7 12. Qf3 Nc5 13. Rae1 O-O 14. f5 e5 15.
Nb3 Nxb3 16. cxb3 Rfd8 17. Bg5 Rac8 18. b4 Bc6 19. Bb1 Qb7 20. Bxf6 Bxf6 21.
Ba2 Qe7 22. Qh5 Rc7 23. Re3 Kh8 24. Rh3 h6 25. Rhf3 Kh7 26. g4 Bh4 27. f6 Bxf6
28. g5 Bxg5 29. Rxf7 Qe8 30. h4 Be3+ 31. Kh1 Rxf7 32. Rxf7 Bd7 33. Nd5 Be6 34.
Nf6+ 1-0

[Event "Europa ch Femenino 2013"]
[Site "Belgrado SER"]
[Date "2013.07.28"]
[Round "6.77"]
[White "Sarjanovic, Andjela"]
[Black "Zarkovic, Mila"]
[Result "0-1"]
[WhiteElo "1655"]
[BlackElo "2070"]
[PlyCount "78"]
[EventDate "2013.07.23"]
[EventType "swiss"]
[EventRounds "11"]
[EventCountry "SER"]
[Source "lmi"]
[SourceDate "2013.07.22"]

1. e4 c5 2. c3 Nf6 3. e5 Nd5 4. d4 cxd4 5. cxd4 e6 6. Bc4 d6 7. Nf3 Nc6 8. O-O
Be7 9. Qe2 O-O 10. Nc3 Nxc3 11. bxc3 dxe5 12. dxe5 Qc7 13. Qe4 b6 14. Bd3 g6
15. Bh6 Rd8 16. Rac1 Bb7 17. Qe3 Rd7 18. Bb1 Rad8 19. Rfe1 Na5 20. Nd4 Qc4 21.
Qe2 Qxe2 22. Rxe2 Nc6 23. Nxc6 Bxc6 24. Bc2 Bb5 25. Ree1 Rc7 26. Bb3 Rdc8 27.
Bd2 Rd7 28. Rcd1 Rdc7 29. h3 Kg7 30. Re3 Bg5 31. Ree1 Bxd2 32. Rxd2 Rxc3 33.
Red1 g5 34. g3 R8c5 35. Re1 Bc4 36. Bxc4 R3xc4 37. Kg2 Rc2 38. Rxc2 Rxc2 39.
Ra1 Re2 0-1

[Event "Europa ch Femenino 2013"]
[Site "Belgrado SER"]
[Date "2013.07.28"]
[Round "6.78"]
[White "Kezele, Tamara"]
[Black "Nikolovska, Dragana"]
[Result "1-0"]
[WhiteElo "1994"]
[BlackElo "1848"]
[PlyCount "75"]
[EventDate "2013.07.23"]
[EventType "swiss"]
[EventRounds "11"]
[EventCountry "SER"]
[Source "lmi"]
[SourceDate "2013.07.22"]

1. e4 c5 2. Nf3 d6 3. c3 Nf6 4. Be2 g6 5. O-O Bg7 6. Re1 O-O 7. d3 Nc6 8. h3 e5
9. c4 h6 10. Nc3 a6 11. Kh2 Rb8 12. a4 Be6 13. Rg1 Nh5 14. Nd5 Bxd5 15. cxd5
Ne7 16. g4 Nf4 17. Bf1 b5 18. axb5 axb5 19. b4 Ra8 20. Rxa8 Qxa8 21. bxc5 dxc5
22. d4 Qa2 23. Bxf4 exf4 24. Bxb5 cxd4 25. Kg2 Rb8 26. Qd3 Nc8 27. Bc4 Qa4 28.
Rc1 Rb4 29. Bb5 Qa8 30. Bc6 Qa2 31. Rc2 Qa1 32. e5 Rb1 33. d6 Rb8 34. Rd2 Qc1
35. Rc2 Qa1 36. Bd5 Nb6 37. Bb3 Qa3 38. Bxf7+ 1-0

[Event "Europa ch Femenino 2013"]
[Site "Belgrado SER"]
[Date "2013.07.28"]
[Round "6.79"]
[White "Velikic, Adela"]
[Black "Gurcan, Aytolun"]
[Result "0-1"]
[WhiteElo "1992"]
[BlackElo "1705"]
[PlyCount "68"]
[EventDate "2013.07.23"]
[EventType "swiss"]
[EventRounds "11"]
[EventCountry "SER"]
[Source "lmi"]
[SourceDate "2013.07.22"]

1. e4 c5 2. Nf3 Nc6 3. d4 cxd4 4. Nxd4 Qc7 5. Nc3 e6 6. Be2 a6 7. O-O Nf6 8.
Be3 Bb4 9. Na4 O-O 10. Nxc6 bxc6 11. Nb6 Rb8 12. Nxc8 Rfxc8 13. Bxa6 Rf8 14.
Qd3 Ng4 15. g3 f5 16. exf5 Rxf5 17. Bf4 Ne5 18. Bxe5 Qxe5 19. Qxd7 Rbf8 20. Bd3
Rxf2 21. Rxf2 Bc5 22. Qxc6 Rxf2 23. Kh1 Qh5 24. Qa8+ Kf7 25. h4 Qg4 26. Qg2
Rxg2 27. Kxg2 Ke7 28. Rf1 Bd6 29. Rf3 Qa4 30. Bxh7 Qxa2 31. b3 Qa8 32. Bg6 e5
33. Bh5 Qe4 34. c4 g6 0-1

[Event "Europa ch Femenino 2013"]
[Site "Belgrado SER"]
[Date "2013.07.28"]
[Round "6.80"]
[White "Panic, Anastasija"]
[Black "Jankovic, Milanka"]
[Result "1-0"]
[WhiteElo "1948"]
[BlackElo "1619"]
[PlyCount "85"]
[EventDate "2013.07.23"]
[EventType "swiss"]
[EventRounds "11"]
[EventCountry "SER"]
[Source "lmi"]
[SourceDate "2013.07.22"]

1. e4 e5 2. Nf3 Nf6 3. Nxe5 Nxe4 4. Qe2 Nf6 5. Nc6+ Be7 6. Nxd8 Kxd8 7. d4 Bb4+
8. c3 Re8 9. Be3 Bd6 10. Nd2 b6 11. O-O-O Bb7 12. Nc4 Bf4 13. Bxf4 Rxe2 14.
Bxe2 Ne4 15. Bf3 d5 16. Bxe4 dxe4 17. d5 Nd7 18. Ne5 Nxe5 19. Bxe5 f6 20. Bg3
Kd7 21. Rhe1 Re8 22. c4 g5 23. f4 e3 24. Rd3 Re4 25. Rdxe3 Rxc4+ 26. Rc3 Rxc3+
27. bxc3 Bxd5 28. Rd1 Kc6 29. fxg5 fxg5 30. Rd2 b5 31. Bxc7 Kc5 32. Bd8 g4 33.
a3 h5 34. Kd1 Be6 35. Ke2 Bd5 36. Ke3 a6 37. Kf4 Kc4 38. Kg5 Bf7 39. Ba5 Be8
40. Rd6 Kc5 41. Rxa6 Bc6 42. Rxc6+ Kxc6 43. Kxh5 1-0

[Event "Europa ch Femenino 2013"]
[Site "Belgrado SER"]
[Date "2013.07.28"]
[Round "6.81"]
[White "Paramentic, Mila"]
[Black "Nestorovic, Katarina"]
[Result "0-1"]
[WhiteElo "1936"]
[BlackElo "1484"]
[PlyCount "130"]
[EventDate "2013.07.23"]
[EventType "swiss"]
[EventRounds "11"]
[EventCountry "SER"]
[Source "lmi"]
[SourceDate "2013.07.22"]

1. e4 c5 2. Nc3 a6 3. g3 b5 4. Bg2 Bb7 5. d3 e6 6. Nf3 Nf6 7. O-O Be7 8. h3 d5
9. exd5 Nxd5 10. Nxd5 Bxd5 11. d4 Nc6 12. dxc5 Bxc5 13. c3 O-O 14. Qc2 h6 15.
a4 Qf6 16. Nh2 Bxg2 17. Kxg2 Ne5 18. b3 Qg6 19. Qe2 Nd3 20. Be3 Bxe3 21. Qxe3
Rfc8 22. Qf3 Ne5 23. Qe3 Nd3 24. axb5 axb5 25. Rxa8 Rxa8 26. Nf3 Rc8 27. Qd4
Nc5 28. b4 Nb3 29. Qe5 Qf5 30. Re1 Kh7 31. Qxf5+ exf5 32. Re5 Rxc3 33. Rxf5 f6
34. Rxb5 Rxf3 35. Kxf3 Nd4+ 36. Ke4 Nxb5 37. Kd5 Nc3+ 38. Kc4 Na4 39. b5 Kg6
40. Kb4 Nb6 41. Kc5 Nc8 42. f4 Kf7 43. f5 Ke7 44. Kc6 Na7+ 45. Kc5 Nxb5 46.
Kxb5 Kd6 47. Kc4 Ke5 48. Kd3 Kxf5 49. Ke3 Ke5 50. Kf3 f5 51. Ke3 g5 52. Kf3 f4
53. gxf4+ gxf4 54. Kf2 Ke4 55. Ke2 f3+ 56. Kf1 Kf5 57. Kg1 Ke5 58. Kf1 Kd4 59.
Ke1 Ke3 60. h4 h5 61. Kf1 f2 62. Kg2 Ke2 63. Kh2 f1=Q 64. Kg3 Qf3+ 65. Kh2 Qg4
0-1

[Event "Europa ch Femenino 2013"]
[Site "Belgrado SER"]
[Date "2013.07.28"]
[Round "6.82"]
[White "Dizdarevic, Barbara"]
[Black "Korbovljanovic, Natasa"]
[Result "1-0"]
[WhiteElo "1981"]
[BlackElo "1877"]
[PlyCount "45"]
[EventDate "2013.07.23"]
[EventType "swiss"]
[EventRounds "11"]
[EventCountry "SER"]
[Source "lmi"]
[SourceDate "2013.07.22"]

1. e4 e5 2. Nf3 Nf6 3. d4 Nxe4 4. dxe5 d5 5. Bd3 Nc5 6. O-O Be7 7. Nc3 c6 8.
Nd4 O-O 9. Bf5 Ne6 10. Bxe6 Bxe6 11. f4 c5 12. Nb3 d4 13. Ne4 Bxb3 14. axb3 Qd7
15. f5 Re8 16. Qg4 Nc6 17. Bh6 g6 18. e6 Qd5 19. exf7+ Qxf7 20. f6 Bf8 21. Ng5
Ne5 22. Qh4 Qd7 23. f7+ 1-0

[Event "Europa ch Femenino 2013"]
[Site "Belgrado SER"]
[Date "2013.07.28"]
[Round "6.83"]
[White "Brankov, Kristina"]
[Black "Sekulovic, Dusica"]
[Result "1-0"]
[WhiteElo "1903"]
[BlackElo "1805"]
[PlyCount "115"]
[EventDate "2013.07.23"]
[EventType "swiss"]
[EventRounds "11"]
[EventCountry "SER"]
[Source "lmi"]
[SourceDate "2013.07.22"]

1. e4 c5 2. Nc3 Nc6 3. Bb5 a6 4. Bxc6 dxc6 5. d3 e5 6. Nge2 Ne7 7. Be3 Ng6 8.
Qd2 Be7 9. O-O-O Be6 10. g3 Bg4 11. f4 f6 12. f5 Nf8 13. h3 Bxe2 14. Qxe2 Qc7
15. g4 h6 16. h4 O-O-O 17. g5 hxg5 18. hxg5 Nd7 19. Rh5 Rdg8 20. Rdh1 Qd8 21.
g6 Rxh5 22. Qxh5 b6 23. Qg4 Rh8 24. Rh5 Qg8 25. Qh3 Rxh5 26. Qxh5 Nf8 27. a3
Kb7 28. Ne2 Bd6 29. c3 Kc7 30. Kc2 a5 31. c4 Kb7 32. b3 Kc7 33. Bd2 Kb7 34. Nc3
Be7 35. Na2 Bd6 36. Kb2 Ka6 37. b4 axb4 38. axb4 cxb4 39. Bxb4 Bc7 40. Bd2 Kb7
41. Nc3 Bd6 42. Na2 Bc7 43. Be3 Bd6 44. Qh1 Nd7 45. Qh7 Qf8 46. Bh6 Ba3+ 47.
Kc2 Qd6 48. Qxg7 Qd4 49. Nc3 Ka6 50. Qh8 Kb7 51. Qh7 Ka6 52. Bd2 Nc5 53. Qh3 b5
54. Qe3 Qd7 55. cxb5+ cxb5 56. Nd5 Na4 57. Kd1 Qc6 58. g7 1-0

[Event "Europa ch Femenino 2013"]
[Site "Belgrado SER"]
[Date "2013.07.28"]
[Round "6.84"]
[White "Rudovic, Anja"]
[Black "Pihajlic, Amalija"]
[Result "1/2-1/2"]
[WhiteElo "1549"]
[BlackElo "1882"]
[PlyCount "101"]
[EventDate "2013.07.23"]
[EventType "swiss"]
[EventRounds "11"]
[EventCountry "SER"]
[Source "lmi"]
[SourceDate "2013.07.22"]

1. e4 e6 2. d4 d5 3. Nc3 Nf6 4. Bg5 Bb4 5. exd5 Qxd5 6. Bf4 Qe4+ 7. Nge2 Nd5 8.
Bd2 Nxc3 9. Bxc3 Bxc3+ 10. bxc3 b6 11. Qd3 Bb7 12. Qxe4 Bxe4 13. Rc1 Nd7 14.
Ng3 Bb7 15. f3 O-O 16. Bd3 Rad8 17. O-O c5 18. Ne4 Nf6 19. Nxf6+ gxf6 20. dxc5
bxc5 21. Rb1 Bd5 22. a3 Rb8 23. c4 Bc6 24. c3 f5 25. Kf2 Kg7 26. Ke3 h5 27. h4
Rh8 28. g3 Kf6 29. f4 Rhd8 30. Rxb8 Rxb8 31. Rb1 Rxb1 32. Bxb1 Kg6 33. Bd3 f6
34. Bc2 Be8 35. Bd3 Kf7 36. Be2 Ke7 37. Bf3 Kd6 38. Bd1 e5 39. fxe5+ fxe5 40.
Bc2 Ke6 41. Bd1 Kf6 42. Be2 Bf7 43. Bf1 Kg6 44. Be2 Be8 45. Bd1 Bc6 46. Be2 Bg2
47. Kf2 Be4 48. Ke3 Bh1 49. Bd1 Bc6 50. Be2 Be8 51. Bd1 1/2-1/2

[Event "Europa ch Femenino 2013"]
[Site "Belgrado SER"]
[Date "2013.07.29"]
[Round "7.1"]
[White "Khurtsidze, Nino"]
[Black "Gunina, Valentina"]
[Result "0-1"]
[WhiteElo "2443"]
[BlackElo "2507"]
[PlyCount "78"]
[EventDate "2013.07.23"]
[EventType "swiss"]
[EventRounds "11"]
[EventCountry "SER"]
[Source "lmi"]
[SourceDate "2013.07.22"]

1. d4 d5 2. c4 c6 3. e3 Nf6 4. Nf3 Bg4 5. Nc3 e6 6. h3 Bh5 7. g4 Bg6 8. Ne5
Nbd7 9. Nxg6 hxg6 10. cxd5 exd5 11. Bd3 Bb4 12. Bd2 Qe7 13. a3 Bxc3 14. Bxc3
Ne4 15. Bb4 Qf6 16. Qe2 a5 17. Bc3 Qe7 18. Bxe4 Qxe4 19. f3 Qe7 20. O-O-O b5
21. Qe1 b4 22. axb4 a4 23. Kb1 O-O 24. e4 a3 25. b3 a2+ 26. Ka1 Ra3 27. exd5
Qd6 28. dxc6 Qxc6 29. d5 Qa8 30. h4 Rxb3 31. Bb2 Re8 32. Qd2 Ne5 33. Qd4 Qa4
34. Rhe1 Rxb4 35. Qd2 Reb8 36. Re4 Rxe4 37. fxe4 Nc4 38. Qd4 Rxb2 39. Qd3 Qb4
0-1

[Event "Europa ch Femenino 2013"]
[Site "Belgrado SER"]
[Date "2013.07.29"]
[Round "7.2"]
[White "Kosteniuk, Alexandra"]
[Black "Melia, Salome"]
[Result "1/2-1/2"]
[WhiteElo "2489"]
[BlackElo "2428"]
[PlyCount "81"]
[EventDate "2013.07.23"]
[EventType "swiss"]
[EventRounds "11"]
[EventCountry "SER"]
[Source "lmi"]
[SourceDate "2013.07.22"]

1. e4 c5 2. Nf3 Nc6 3. d4 cxd4 4. Nxd4 g6 5. c4 Bg7 6. Nc2 Nf6 7. Nc3 O-O 8.
Bg5 d6 9. Be2 Nd7 10. Qd2 Nc5 11. Bh6 Bxh6 12. Qxh6 f5 13. exf5 Bxf5 14. Ne3
Nd4 15. O-O Nxe2+ 16. Nxe2 Bd3 17. Rfe1 e5 18. Rad1 Qf6 19. f3 Rad8 20. Ng4 Qg7
21. b3 Qxh6 22. Nxh6+ Kg7 23. Ng4 Bxe2 24. Rxe2 Ne6 25. Ne3 Nd4 26. Red2 a6 27.
Nc2 Nxc2 28. Rxc2 Kf6 29. Rcd2 Ke6 30. Rd5 Rd7 31. Kf2 Rc8 32. h4 b5 33. cxb5
Rc2+ 34. Kg3 axb5 35. Rxb5 Rxa2 36. Rb6 Rb2 37. Rd3 Kf5 38. Kh3 Ke6 39. b4 h5
40. Kg3 Kf5 41. Rdxd6 1/2-1/2

[Event "Europa ch Femenino 2013"]
[Site "Belgrado SER"]
[Date "2013.07.29"]
[Round "7.3"]
[White "Hoang, Thanh Trang"]
[Black "Daulyte, Deimante"]
[Result "1-0"]
[WhiteElo "2467"]
[BlackElo "2363"]
[PlyCount "127"]
[EventDate "2013.07.23"]
[EventType "swiss"]
[EventRounds "11"]
[EventCountry "SER"]
[Source "lmi"]
[SourceDate "2013.07.22"]

1. d4 Nf6 2. c4 g6 3. Nc3 d5 4. Nf3 Bg7 5. Qb3 dxc4 6. Qxc4 O-O 7. e4 Nc6 8.
Be2 Bg4 9. d5 Bxf3 10. gxf3 Ne5 11. Qb3 c6 12. f4 Ned7 13. Be3 cxd5 14. e5 Ne4
15. Nxe4 dxe4 16. Qxb7 Qa5+ 17. Bd2 Qa4 18. Bb5 Nc5 19. Bxa4 Nxb7 20. Bc6 Rab8
21. b4 f6 22. Bxe4 fxe5 23. fxe5 Bxe5 24. Rd1 Nd6 25. Bd5+ Kg7 26. O-O Rf5 27.
Rfe1 Bf6 28. Be6 Re5 29. a4 Nf5 30. Rxe5 Bxe5 31. Bxf5 gxf5 32. b5 a6 33. bxa6
Ra8 34. a5 Rxa6 35. Bb4 Rg6+ 36. Kf1 Ra6 37. h3 Bd6 38. Bxd6 exd6 39. Rd5 Kf6
40. Ke2 Ke6 41. Rb5 Rc6 42. Rb2 Ra6 43. Rb5 Rc6 44. Rb2 Ra6 45. Ra2 Kd5 46. Kd3
Kc5 47. Kc3 d5 48. Ra1 d4+ 49. Kd3 Kd5 50. h4 Kc5 51. Ra4 Kb5 52. Rxd4 Kxa5 53.
Rd5+ Kb4 54. Rxf5 Rd6+ 55. Ke4 Kc4 56. f4 Rd1 57. Rf7 h5 58. Rc7+ Kb5 59. f5
Rh1 60. f6 Rxh4+ 61. Ke5 Rh1 62. f7 Rf1 63. Ke6 h4 64. Rc8 1-0

[Event "Europa ch Femenino 2013"]
[Site "Belgrado SER"]
[Date "2013.07.29"]
[Round "7.4"]
[White "Vega Gutierrez, Sabrina"]
[Black "Muzychuk, Anna"]
[Result "0-1"]
[WhiteElo "2402"]
[BlackElo "2594"]
[PlyCount "84"]
[EventDate "2013.07.23"]
[EventType "swiss"]
[EventRounds "11"]
[EventCountry "SER"]
[Source "lmi"]
[SourceDate "2013.07.22"]

1. e4 e5 2. Nf3 Nc6 3. Bb5 a6 4. Ba4 Nf6 5. O-O Nxe4 6. d4 b5 7. Bb3 d5 8. dxe5
Be6 9. Be3 Be7 10. Nbd2 Nc5 11. Qe2 d4 12. Bf4 Nb4 13. Ne4 d3 14. cxd3 Nxb3 15.
axb3 Qxd3 16. Qxd3 Nxd3 17. Be3 Bxb3 18. Nd4 Bd5 19. Nc3 Bb7 20. Nf5 Bf8 21. b3
Nxe5 22. Rad1 g6 23. Bg5 gxf5 24. Bf6 Nf3+ 25. Kh1 Rg8 26. Nd5 Bd6 27. gxf3 Kd7
28. Bh4 Rg6 29. Bg3 f4 30. Bxf4 Bxf4 31. Nxf4+ Rd6 32. Rxd6+ Kxd6 33. Rd1+ Kc5
34. Nd3+ Kd4 35. Ne1+ Kc3 36. Rd3+ Kb2 37. b4 Re8 38. Ng2 Re6 39. Ne3 Rd6 40.
Rxd6 Bxf3+ 41. Kg1 cxd6 42. Nf5 Kc3 0-1

[Event "Europa ch Femenino 2013"]
[Site "Belgrado SER"]
[Date "2013.07.29"]
[Round "7.5"]
[White "Dzagnidze, Nana"]
[Black "Atalik, Ekaterina"]
[Result "1-0"]
[WhiteElo "2558"]
[BlackElo "2430"]
[PlyCount "155"]
[EventDate "2013.07.23"]
[EventType "swiss"]
[EventRounds "11"]
[EventCountry "SER"]
[Source "lmi"]
[SourceDate "2013.07.22"]

1. c4 e6 2. Nc3 Nf6 3. e4 d5 4. e5 d4 5. exf6 dxc3 6. bxc3 Qxf6 7. d4 b6 8. c5
Be7 9. Nf3 Bb7 10. Bb5+ Kf8 11. Be2 h6 12. O-O Nc6 13. Be3 Rd8 14. Qa4 Kg8 15.
Rfd1 bxc5 16. Rab1 Ba8 17. Bb5 cxd4 18. cxd4 Nb4 19. Rxb4 Bxb4 20. Qxb4 Bxf3
21. gxf3 Qxf3 22. Rc1 Qg4+ 23. Kf1 Rb8 24. Qe7 Qh3+ 25. Ke1 Qxh2 26. Rxc7 Qg1+
27. Kd2 Qg6 28. Bd3 Qf6 29. Qc5 g6 30. Qxa7 Kg7 31. Bc4 h5 32. Qa6 Rhe8 33. Qd6
Qf5 34. Bb3 h4 35. Rc5 Qf6 36. Ke2 Red8 37. Qe5 Qxe5 38. dxe5 h3 39. Kf3 Rh8
40. Rc1 Rh5 41. Kg3 Rd8 42. Re1 h2 43. Kg2 Rd3 44. Bf4 g5 45. Bxh2 Rh4 46. Rc1
Rb4 47. Rc7 Rb6 48. Bg3 Rd4 49. Kf3 Rdb4 50. Ke3 Rxb3+ 51. axb3 Rxb3+ 52. Kd4
Rb5 53. Rd7 Ra5 54. Ke4 Ra4+ 55. Ke3 Ra3+ 56. Rd3 Ra4 57. Rd4 Ra3+ 58. Ke4 Kg6
59. Rb4 Kg7 60. f3 Ra2 61. Ke3 Ra3+ 62. Kf2 Ra2+ 63. Kf1 Ra3 64. Kg2 Kg6 65.
Bf2 Kf5 66. Rb7 Kg6 67. Bc5 Ra5 68. Bd6 Rd5 69. Re7 Kg7 70. Kg3 Rd4 71. Re8 Rd5
72. Kg4 Kg6 73. Rg8+ Kh7 74. Rxg5 f6 75. Rh5+ Kg6 76. f4 Rd2 77. Rh8 f5+ 78.
Kf3 1-0

[Event "Europa ch Femenino 2013"]
[Site "Belgrado SER"]
[Date "2013.07.29"]
[Round "7.6"]
[White "Bulmaga, Irina"]
[Black "Rakic, Marija"]
[Result "0-1"]
[WhiteElo "2403"]
[BlackElo "2294"]
[PlyCount "164"]
[EventDate "2013.07.23"]
[EventType "swiss"]
[EventRounds "11"]
[EventCountry "SER"]
[Source "lmi"]
[SourceDate "2013.07.22"]

1. e4 c5 2. Nf3 d6 3. d4 cxd4 4. Nxd4 Nf6 5. Nc3 e6 6. g4 h6 7. h3 Nc6 8. Be3
Bd7 9. Qd2 Nxd4 10. Bxd4 Qa5 11. Bg2 Be7 12. f4 e5 13. Be3 exf4 14. Bxf4 Be6
15. O-O Nd7 16. Nd5 Qxd2 17. Nc7+ Kd8 18. Nxe6+ fxe6 19. Bxd2 Bf6 20. c3 Ke7
21. Be3 Ne5 22. Rad1 Nc6 23. Rfe1 Rac8 24. Re2 Rhd8 25. c4 b6 26. b3 Bg5 27.
Bf2 Rf8 28. Be1 e5 29. h4 Bf4 30. Bc3 Bg3 31. Bb2 Bxh4 32. Ba3 Rf6 33. Red2 Nd4
34. Kh1 Bf2 35. Rf1 Rcf8 36. Bb2 Nc6 37. Rd3 Bd4 38. Rxf6 Rxf6 39. Bc1 Nb4 40.
Rh3 Rg6 41. Bd2 Nc2 42. Bf3 Be3 43. Bc3 Bf4 44. a4 a5 45. Be2 Kd7 46. Bf3 Kc6
47. Rh4 Rf6 48. Rh3 Be3 49. Kg2 Bc5 50. Rh1 Bb4 51. Rc1 Ne3+ 52. Kg3 Bxc3 53.
Rxc3 Nf1+ 54. Kh3 Nd2 55. Bg2 Rf4 56. Rd3 Nxe4 57. Re3 d5 58. Re2 Kd6 59. cxd5
Nf6 60. Rc2 Nxd5 61. Rc8 Ne7 62. Rd8+ Ke6 63. Kh4 g6 64. Rb8 Rb4 65. Bf1 Nf5+
66. Kh3 Rxb3+ 67. Kh2 Rb2+ 68. Kh3 Nd4 69. Bb5 Kf6 70. Rxb6+ Kg5 71. Kg3 e4 72.
Rd6 Rb3+ 73. Kg2 Nxb5 74. axb5 Rxb5 75. Re6 a4 76. Ra6 Rb2+ 77. Kf1 Ra2 78. Re6
Kxg4 79. Rxg6+ Kf3 80. Rf6+ Ke3 81. Rxh6 Ra1+ 82. Kg2 Ke2 0-1

[Event "Europa ch Femenino 2013"]
[Site "Belgrado SER"]
[Date "2013.07.29"]
[Round "7.1"]
[White "Khotenashvili, Bela"]
[Black "Kovalevskaya, Ekaterina"]
[Result "1/2-1/2"]
[WhiteElo "2512"]
[BlackElo "2407"]
[PlyCount "104"]
[EventDate "2013.07.23"]
[EventType "swiss"]
[EventRounds "11"]
[EventCountry "SER"]
[Source "lmi"]
[SourceDate "2013.07.22"]

1. d4 d5 2. c4 e6 3. Nf3 c5 4. cxd5 exd5 5. g3 Nc6 6. Nc3 Nf6 7. Bg2 Be7 8. O-O
O-O 9. Bg5 c4 10. Ne5 Be6 11. f4 Ng4 12. Nxg4 Bxg4 13. Bxd5 Bxg5 14. fxg5 Qxg5
15. Rf4 Be6 16. Be4 Rad8 17. e3 f5 18. Bxc6 bxc6 19. Qa4 Bd5 20. Qxa7 Rfe8 21.
Re1 g6 22. Qc5 Qe7 23. Qxe7 Rxe7 24. Re2 Rde8 25. Kf2 Rb8 26. g4 fxg4 27. e4
Bf7 28. Rxg4 Reb7 29. Nd1 Be6 30. Rg3 Kg7 31. Rd2 h5 32. h3 h4 33. Rc3 g5 34.
d5 cxd5 35. exd5 Rd8 36. Ne3 Bxh3 37. Rxc4 Rf7+ 38. Kg1 Rf3 39. Re4 Bd7 40. a4
Re8 41. Rxe8 Bxe8 42. Nc4 Bxa4 43. d6 Rb3 44. Ne5 Kf6 45. d7 Bxd7 46. Nxd7+ Kf5
47. Nc5 Rg3+ 48. Kh2 g4 49. b4 Rh3+ 50. Kg2 Rg3+ 51. Kh2 Rh3+ 52. Kg2 Ke5
1/2-1/2